Administración por objetivos
Gorde:
| Egile nagusia: | |
|---|---|
| Formatua: | Liburua |
| Hizkuntza: | gaztelania |
| Argitaratua: |
Buenos Aires
El Ateneo
1979
|
| Edizioa: | 2a. ed |
| Gaiak: | |
| Etiketak: |
Etiketa erantsi
Etiketarik gabe, Izan zaitez lehena erregistro honi etiketa jartzen!
|
MARC
| LEADER | 00000cam a2200000 a 4500 | ||
|---|---|---|---|
| 001 | UCD6870 | ||
| 003 | CL-VaPUC | ||
| 008 | 170303e19790000ag |||||||||||||||||spa|d | ||
| 082 | 0 | 4 | |a 658.401 |b ODI |2 21 |
| 100 | |a Odiorne, George S. |e autor |9 590722 | ||
| 245 | 1 | 0 | |a Administración por objetivos |
| 250 | |a 2a. ed | ||
| 300 | |a 248 p | ||
| 942 | |c BK | ||
| 945 | |d 20170303 17:35:00 |a dcastane | ||
| 260 | |a Buenos Aires |b El Ateneo |c 1979 | ||
| 650 | 0 | |a Administración de empresas |9 260833 | |
| 650 | 0 | |a Planificación estratégica |9 259735 | |
| 583 | |a last modification |c 20170303 17:35:00 |k Rodrigo Vera | ||
| 999 | |c 367047 |d 367045 | ||
| 952 | |0 0 |1 0 |3 erb |4 0 |6 658_401000000000000_ODI_1979 |7 0 |8 A |9 481729 |a BIBENE |b BIBENE |i 5328306 |o 658.401 ODI 1979 |p 5328306 |r 2025-01-15 |w 2019-11-24 |y BK |z Catalogado en:20170303 |k ICO | ||